| 000 | 00368nam a2200145Ia 4500 | ||
|---|---|---|---|
| 008 | 230917s9999||||xx |||||||||||||| ||und|| | ||
| 040 |
_e64869 _aMAIN |
||
| 041 | _aEnglish | ||
| 082 | _a519.5 Q25B:P | ||
| 100 | _aBourque, Linda B | ||
| 245 | 0 | _aProcessing data: the survey example | |
| 260 |
_aLondon _bSage Publications _c1992 |
||
| 300 | _avii, 88 p. | ||
| 942 | _cBK | ||
| 999 |
_c78270 _d78270 |
||